000 00269cam a2200109ua 4500
082 _a636.308
_bBEL/SH
100 _aBelschner, H G .
_91950
245 _aSheep Management and Diseases /
260 _a :
_bAngfus and Robertson ,
_c1962.
300 _a814 ; .
942 _cBK
999 _c3495
_d3495